000 00503nam a2200193Ia 4500
008 101110s9999 xx 000 0 und d
041 _aENGLISH
082 _bSR13806
100 _aVarma M.M.
245 _aEssentials of Store-keeping and purchasing
365 _b12.5
520 _aCommerce
546 _aENGLISH
630 _aEssentials of Store-keeping and purchasing
650 _aCommerce
655 _aCommerce
730 _aEssentials of Store-keeping and purchasing
942 _cBOOK
999 _c807946
_d807943